000 00629nam a2200241 a 4500
001 0001-1236
003 ELIB.Books
008 150601 2010 eng
020 _a0916642178
035 _a(ELIB.Books)0001-1391
092 _a264.2
_bHus
100 _aHustad, Donald P.
245 _aJubilate II Church Music in Worship and Renewal
260 _aCarol
_bHope Publishing Company
_c1989
300 _a599
_c21.5 Cm
500 _aC/o Moe Tarmalar Paw
650 _aMusic
856 _nKBTS: Library
_uKBTS: Elib
942 _2ddc
_cBK
990 _a2
998 _cbat
_e2015-06-01
999 _c11236
_d11236